Statistics for 10 Most Popular Sports in the World🏀🏐⚽⚾🏒

Click here to take the quiz!

General Stats

  • This quiz has been taken 141 times
  • The average score is 8 of 10

Answer Stats

RankFollowersSport% Correct
13.5 BillionSoccer/Football
100%
32.4 BillionBasketball
98%
9500 MillionBaseball
89%
51 BillionTennis
86%
22.5 BillionCricket
84%
42 BillionHockey
80%
10475 MillionRugby
69%
7900 MillionVolleyball
62%
8875 MillionTable Tennis
52%
6950 MillionBadminton
35%

Score Distribution

Percentile by Number Answered

Percent of People with Each Score

Your Score History

You have not taken this quiz